[Event "Moscow Levitov m"]
[Site "Moscow"]
[Date "2025.03.07"]
[Round "5"]
[White "Niemann, Hans Moke"]
[Black "Dubov, Daniil"]
[Result "1-0"]
[WhiteElo "2734"]
[BlackElo "2701"]
[PlyCount "154"]
[EventDate "2025.03.07"]
[EventType "match (blitz)"]
[EventRounds "18"]
[EventCountry "RUS"]
[SourceTitle "CB11_2025"]
[SourceDate "2025.03.12"]
[SourceVersion "1"]
[SourceVersionDate "2025.03.12"]
[SourceQuality "1"]

1. e4 c5 2. Nf3 d6 3. d4 cxd4 4. Qxd4 Nc6 5. Qe3 Nf6 6. Bc4 e6 7. 0-0 Be7 8. Nc3 0-0 9. Rd1 Qc7 10. Qe2 a6 11. a4 b6 12. Bf4 Ne5 13. Nxe5 dxe5 14. Be3 Bb7 15. f3 Rfc8 16. Bd3 Nd7 17. Qf2 Bc6 18. Kh1 Qb7 19. Bf1 b5 20. axb5 axb5 21. Rxa8 Rxa8 22. Qe2 b4 23. Nb5 h6 24. Nd6 Qc7 25. Nb5 Qb7 26. c4 bxc3 27. bxc3 Bc5 28. c4 Qb6 29. Bxc5 Qxc5 30. h3 Nf6 31. Kh2 g6 32. Qd2 Kg7 33. Qd6 Nd7 34. Qc7 Nf6 35. Nd6 Ra7 36. Qc8 Qb6 37. c5 Qc7 38. Qxc7 Rxc7 39. Ra1 Bd7 40. Ra5 Kf8 41. Kg3 Ke7 42. Kf2 Be8 43. Nxe8 Nxe8 44. c6 Rxc6 45. Rxe5 Rc2+ 46. Be2 Nf6 47. Ra5 Nh5 48. Ke3 Ng3 49. Ra7+ Kf8 50. Bb5 Rxg2 51. Ra8+ Ke7 52. Ra7+ Kf8 53. Ra8+ Kg7 54. Ra7 g5 55. Be8 Nf1+ 56. Kd4 Kf8 57. Bxf7 Nd2 58. Bh5 Nb3+ 59. Ke5 Rc2 60. Kf6 Rc8 61. Rf7+ Kg8 62. Rg7+ Kh8 63. Bg6 Rf8+ 64. Rf7 Rxf7+ 65. Bxf7 Nd4 66. Bh5 Kg8 67. e5 Kf8 68. Bg4 Ne2 69. Bxe6 Nf4 70. Bg4 Kg8 71. e6 Nd5+ 72. Kg6 Kf8 73. Kxh6 Ke7 74. Kxg5 Nf6 75. h4 Nh7+ 76. Kg6 Nf6 77. h5 Ke8 1-0

[Event "Moscow Aeroflot op-A"]
[Site "Moscow"]
[Date "2025.03.02"]
[Round "3"]
[White "Dubov, Daniil"]
[Black "Khubukshanov, Erdem"]
[Result "1-0"]
[WhiteElo "2701"]
[BlackElo "2448"]
[PlyCount "87"]
[EventDate "2025.03.01"]
[EventType "swiss"]
[EventRounds "9"]
[EventCountry "RUS"]
[SourceTitle "CB11_2025"]
[SourceDate "2025.03.12"]
[SourceVersion "1"]
[SourceVersionDate "2025.03.12"]
[SourceQuality "1"]

1. c4 Nf6 2. Nc3 c5 3. Nf3 Nc6 4. d4 cxd4 5. Nxd4 e6 6. a3 Be7 7. e4 0-0 8. Nf3 Qa5 9. Bd3 d5 10. 0-0 dxc4 11. Bxc4 Rd8 12. Qe2 Ng4 13. Bf4 Nce5 14. Ba2 Ng6 15. Bg3 Bd7 16. h3 Nf6 17. Bh2 Rac8 18. e5 Ne8 19. Rfd1 Qb6 20. Bb1 Nc7 21. Be4 Be8 22. h4 Nxh4 23. Nxh4 Bxh4 24. Rd6 Rxd6 25. exd6 Nb5 26. Nxb5 Bxb5 27. Bxh7+ Kh8 28. Bd3 Bxd3 29. Qh5+ Kg8 30. Qxh4 Qxb2 31. Re1 Qd2 32. f3 Bb5 33. Bf4 Qd4+ 34. Kh2 Bd7 35. Qg3 f6 36. Re4 Qd5 37. Bh6 g5 38. Bxg5 fxg5 39. Re5 Qd2 40. Rxg5+ Kf7 41. Rg7+ Kf6 42. Rh7 Be8 43. d7 Bxd7 44. Qg7+ 1-0